000 00630nam a2200217Ia 4500
005 20250508170236.0
008 008 250505s9999 xx 000 0 eng d
020 _a978-93-5287-715-7
037 _aTextBook
040 _aFEDL
_beng
_cFEDL
041 _aeng
_2eng
084 _a370.954, AGR/R
_qFEDL
100 _aAgrawal S P
245 0 _aChildren's education in India: From vedic times to twenty- first century eve
260 _aDelhi, India
_bShipra
_c2023
300 _ax, 534p.
365 _aINR
_b3950
700 _a Usmani Meena
_9783594
942 _cTB
_h370.954, AGR/R
999 _c1399987
_d1399987